000 00652nam a2200193 a 4500
001 000023640
005 20200930022352.0
008 101216s|||| ec r 000 0 spa d
040 _aDO-SdBNP
_bspa
_cBNPHU
082 _annnn
_bO63s
245 0 0 _aOradores del siglo xix /
_cintroducción de Hernán Rodríguez Castelo.
260 _aQuito :
_bPublicaciones Educativas Ariel,
_c[s.f.].
300 _a204 p. ;
_c18 cm.
490 1 _aClásicos Ariel
_v51
504 _aIncluye referencias bibliográficas y notas al pie de las páginas.
700 1 _aRodríguez Castelo, Hernán,
_eintr.
_94689
830 0 _aClásicos Ariel ;
_v51
_93125
049 _aBNGR
999 _c23136
_d23136